000 00476nam a2200181Ia 4500
005 20250326143035.0
008 250326s9999 xx 000 0 und d
037 _aTextbook
040 _aFMSL
_beng
_cFMSL
041 _aeng
_2eng
084 _aX:5:Z2 M3
_qFMSL
100 _aKapoor N D
245 0 _aBusiness law
_cKapoor N D
260 _aNew Delhi
_bNew Delhi, Sultan Chand
_c1983
300 _a176p
942 _cTB
_hX:5:Z2 M3
999 _c1297834
_d1297834